Piezas sobre arte

Salvato in:
Dettagli Bibliografici
Autore principale: Valéry, Paul (Autore)
Natura: Libro
Lingua:spagnolo
Pubblicazione: Madrid Visor 1999
Serie:La balsa de la Medusa, 100
Soggetti:
Tags: Aggiungi Tag
Nessun Tag, puoi essere il primo ad aggiungerne!!

MARC

LEADER 00000cam a2200000 a 4500
001 UCG9107
003 CL-VaPUC
008 120120e19990000SP |||||||||||||||||spa|d
020 |a 8477746001 
082 0 4 |a 844  |b VAL  |2 21 
100 0 |a Valéry, Paul  |e author  |9 320134 
245 1 0 |a Piezas sobre arte 
300 |a 282 p 
942 |c BK 
945 |d 20120120 00:00:00  |a dcastane 
260 |a Madrid  |b Visor  |c 1999 
650 0 |a Ensayos franceses  |9 265511 
650 0 |a Literatura francesa  |9 266330 
650 0 |a Crítica de arte  |9 334590 
583 |a last modification  |c 20170518 12:49:14  |k Rodrigo Vera 
490 0 |a La balsa de la Medusa, 100 
999 |c 346675  |d 346673